LEADER 00792nam0-22002771i-450- 001 990006325440403321 005 20050321090048.0 035 $a000632544 035 $aFED01000632544 035 $a(Aleph)000632544FED01 035 $a000632544 100 $a20000112d1996----km-u0itay50------ba 101 0 $aita 102 $aIT 105 $ay---n---001yy 200 1 $aIn principio erano i laici$ealla ricerca della laicità perduta$fPier Giorgio Liverani 210 $aRoma$ceditrice AVE$d1996 676 $a262.15$v20$zita 700 1$aLiverani,$bPier Giorgio$f<1929- >$0407465 801 0$aIT$bUNINA$gRICA$2UNIMARC 901 $aBK 912 $a990006325440403321 952 $aIII F 229$b32171*$fFGBC 959 $aFGBC 996 $aIn principio erano i laici$9656337 997 $aUNINA LEADER 02244oas 2200757 a 450 001 9910145829303321 005 20260218110412.0 035 $a(DE-599)ZDB1502141-5 035 $a(OCoLC)41138235 035 $a(CONSER)sn 99003737 035 $a(CKB)991042754134468 035 $a(DE-599)1502141-5 035 $a(EXLCZ)99991042754134468 100 $a19990409a19999999 sy a 101 0 $aeng 135 $aurcnu|||||||| 181 $ctxt$2rdacontent 182 $cc$2rdamedia 183 $acr$2rdacarrier 200 00$aCurrents in electronic literacy 210 $aAustin, TX $cComputer Writing and Research Lab, University of Texas at Austin$d1999- 300 $aRefereed/Peer-reviewed 300 $aTitle from title screen. 311 08$a1524-6493 531 0 $aCurr. electron. lit. 606 $aRhetoric$xData processing$vPeriodicals 606 $aLiterature$xData processing$vPeriodicals 606 $aEducational technology$vPeriodicals 606 $aRhe?torique$xInformatique$vPe?riodiques 606 $aLitte?rature$xInformatique$vPe?riodiques 606 $aTechnologie e?ducative$vPe?riodiques 606 $aEducational technology$2fast$3(OCoLC)fst00903623 606 $aLiterature$xData processing$2fast$3(OCoLC)fst00999972 608 $aPeriodicals.$2fast 615 0$aRhetoric$xData processing 615 0$aLiterature$xData processing 615 0$aEducational technology 615 6$aRhe?torique$xInformatique 615 6$aLitte?rature$xInformatique 615 6$aTechnologie e?ducative 615 7$aEducational technology. 615 7$aLiterature$xData processing. 676 $a371 712 02$aUniversity of Texas at Austin.$bComputer Writing and Research Lab. 801 0$bNSD 801 1$bNSD 801 2$bIXA 801 2$bNSD 801 2$bEYM 801 2$bOCLCQ 801 2$bUBY 801 2$bOCLCQ 801 2$bVRC 801 2$bOCLCQ 801 2$bOCLCO 801 2$bOCLCQ 801 2$bOCLCA 801 2$bOCLCF 801 2$bU3W 801 2$bOCLCL 801 2$bLND 801 2$bOCLCQ 906 $aJOURNAL 912 $a9910145829303321 996 $aCurrents in electronic literacy$92104245 997 $aUNINA